000 00743nam a22002537a 4500
005 20170124105917.0
010 _a813287
020 _c00
035 _a813287
037 _bCen Lib/Ret
040 _aDPL
_bEN
082 _a001.95435
_bAND
245 _aAndhra pradesh :
_cedited by Satyaprakash
_ba selected bibliography 1926-1975 /
246 _b
260 _bIndian Documentation Sevices
_c1976
_aGurgaon
270 _bGurgaon
_e122001
300 _a175p.
_c21cm(Hb)
490 _aIndian state series
500 _aIncludes bibliographical references
650 _aBibliographies
_zAndhra Pradesh
_9106828
650 _x
_9106829
700 _aSatyaprakash
_92882
942 _2ddc
_cEN
_h016.95435
_mAND
999 _c122885
_d122885